|
|
|
|
| LEADER |
00000nam0a2200000 4500 |
| 001 |
140769 |
| 005 |
20231101220855.0 |
| 035 |
|
|
|a (RuTPU)RU\TPU\book\152517
|
| 090 |
|
|
|a 140769
|
| 100 |
|
|
|a 20080708d1977 m y0rusy50 ca
|
| 101 |
0 |
|
|a rus
|
| 102 |
|
|
|a RU
|
| 105 |
|
|
|a y z 001zy
|
| 200 |
1 |
|
|a Программированное пособие по аналитической химии
|e учебное пособие
|f Н. Т. Смолова [и др.]
|g Московский химико-технологический институт им. Д. И. Менделеева (МХТИ)
|
| 210 |
|
|
|a Москва
|c Изд-во МХТИ
|d 1977
|
| 215 |
|
|
|a 76 с.
|c ил.
|
| 320 |
|
|
|a Библиогр.: с. 75.
|
| 606 |
1 |
|
|a Вычислительная техника
|x Применение в аналитической химии
|2 stltpush
|3 (RuTPU)RU\TPU\subj\73386
|9 86418
|
| 610 |
1 |
|
|a аналитическая химия
|
| 610 |
1 |
|
|a химический анализ
|
| 610 |
1 |
|
|a методы титрования
|
| 610 |
1 |
|
|a редоксиметрия
|
| 610 |
1 |
|
|a комплексонометрия
|
| 675 |
|
|
|a 543:004(075.8)
|v 3
|
| 701 |
|
1 |
|a Смолова
|b Н. Т.
|
| 701 |
|
1 |
|a Саюшкина
|b Е. Н.
|
| 701 |
|
1 |
|a Комарова
|b К. А.
|
| 701 |
|
1 |
|a Кузнецова
|b Л. Б.
|
| 701 |
|
1 |
|a Власова
|b Е. Г.
|
| 701 |
|
1 |
|a Матвеев
|b В. Д.
|
| 712 |
0 |
2 |
|a Московский химико-технологический институт им. Д. И. Менделеева (МХТИ)
|2 stltpush
|3 (RuTPU)RU\TPU\col\1701
|
| 801 |
|
1 |
|a RU
|b 63413507
|c 20080708
|g PSBO
|
| 801 |
|
2 |
|a RU
|b 63413507
|c 20140901
|g PSBO
|
| 942 |
|
|
|c BK
|